| 000 -LEADER |
| fixed length control field |
00829nam a22002057a 4500 |
| 005 - DATE AND TIME OF LATEST TRANSACTION |
| control field |
20240404120553.0 |
| 008 - FIXED-LENGTH DATA ELEMENTS--GENERAL INFORMATION |
| fixed length control field |
240404s2003 enk||||| |||| 00| 0 eng d |
| 020 ## - INTERNATIONAL STANDARD BOOK NUMBER |
| International Standard Book Number |
9781416029137 |
| 041 ## - LANGUAGE CODE |
| Language code of text/sound track or separate title |
eng |
| 080 ## - UNIVERSAL DECIMAL CLASSIFICATION NUMBER |
| Universal Decimal Classification number |
61 A-76 |
| 100 ## - MAIN ENTRY--PERSONAL NAME |
| Personal name |
Arnold, Elizabeth C. |
| 9 (RLIN) |
21705 |
| 245 ## - TITLE STATEMENT |
| Title |
Interpersonal Relationships: |
| Remainder of title |
Professional Communication Skills for Nurses / |
| Statement of responsibility, etc. |
Elizabeth C. Arnold, Kathleen Underman. |
| 250 ## - EDITION STATEMENT |
| Edition statement |
5th edition |
| 264 ## - PRODUCTION, PUBLICATION, DISTRIBUTION, MANUFACTURE, AND COPYRIGHT NOTICE |
| Place of production, publication, distribution, manufacture |
Missouri: |
| Name of producer, publisher, distributor, manufacturer |
Elsevier, |
| Date of production, publication, distribution, manufacture, or copyright notice |
2003. |
| 300 ## - PHYSICAL DESCRIPTION |
| Extent |
555 p.: |
| Other physical details |
ill.; |
| Dimensions |
23 cm. |
| 653 ## - INDEX TERM--UNCONTROLLED |
| keyword |
ინტერპერსონალური ურთიერთობები |
| 653 ## - INDEX TERM--UNCONTROLLED |
| keyword |
ექთნების პროფესიული კომუნიკაციის უნარები |
| 700 ## - ADDED ENTRY--PERSONAL NAME |
| Personal name |
Boggs, Kathleen Underman |
| Relator term |
ავტორი |
| 9 (RLIN) |
21706 |
| 942 ## - ADDED ENTRY ELEMENTS (KOHA) |
| Source of classification or shelving scheme |
|
| Koha item type |
წიგნი |